00877 a2200181 4500003000500000005001700005020001500022040000900037082001200046100001500058245005700073505036200130600002300492650002900515942001200544999001900556952012000575Nust20251008151158.0 a0862279836 cNust a030,FUN aAnne Mckie aThe fun to learn pictures encyclopedia /cAnne Mckie aThe Solar System (Page-8), The Earth (Page-11), Life Begins on Earth (Page-24), Plants (Page-30), Insects (Page-36), Birds (Page-40), Life in the Seas and Oceans (Page-44), Amphibians and Reptiles (Page-48), Mammals (Page-51), Early Humans (Page-57), Transport (Page-70), Ships and Boats (Page-76), Communication (Page-84), The Journey into Space (Page-90). aAnne Mckie9131003 aThe fun to learn9131004 2ddccBK c178942d178942 00102ddc4070aMCSbMCScGENd2016-12-12o030,FUNpMCS2083r2016-12-08w2016-12-12yBKzAlmirah No.76, Shelf No.1